000 00391nam a22001937a 4500
003 UA-OsUOA
001 2665
007 ta
008 20050721b un ||||| |||| 00| 0 ukr d
100 _aGarrick
700 _aJ. G.
700 _aRadets
700 _aP.
942 _cBK
040 _aUA-OsUOA
_cUA-OsUOA
_dUA-OsUOA
245 _aPeak condition.
_bScience
955 _a2
650 7 _2UDC
999 _c288827
_d288827